Wake up call (Record no. 77000)
[ view plain ]
| 000 -LEADER | |
|---|---|
| fixed length control field | 00997cab a2200217 4500 |
| 001 - CONTROL NUMBER | |
| control field | ##L133429 |
| 008 - FIXED-LENGTH DATA ELEMENTS--GENERAL INFORMATION | |
| fixed length control field | 060508n2006 000 0 eng u |
| 035 ## - SYSTEM CONTROL NUMBER | |
| System control number | (Sirsi) u133429 |
| 041 0# - LANGUAGE CODE | |
| Language code of text/sound track or separate title | eng |
| 100 1# - MAIN ENTRY--PERSONAL NAME | |
| Personal name | Sweet, Rod |
| 245 00 - TITLE STATEMENT | |
| Title | Wake up call |
| 260 ## - PUBLICATION, DISTRIBUTION, ETC. | |
| Date of publication, distribution, etc. | 2006 |
| 490 #0 - SERIES STATEMENT | |
| Series statement | Construction Manager |
| Volume/sequential designation | May 2006, 23(1) |
| 520 ## - SUMMARY, ETC. | |
| Summary, etc. | Examines the regulatory regime relating to scaffolding. The Work at Height Regulations 2005 require all scaffolding to be designed by a competent engineer unless it conforms to a generally recognised standard configuration, whilst the new European Standard, BS EN 12811:2003, which favours modular scaffolding with a rigorous method of calculation, has replaced BS 5973:1993, which adopted a permissible stress approach for the more traditional tube and fitting method. |
| 590 ## - LOCAL NOTE (RLIN) | |
| Local note | IKA090506 |
| 650 24 - SUBJECT ADDED ENTRY--TOPICAL TERM | |
| Topical term or geographic name entry element | WORK AT HEIGHT REGULATIONS 2005 |
| 650 24 - SUBJECT ADDED ENTRY--TOPICAL TERM | |
| Topical term or geographic name entry element | BS EN 12811-1: 2003 |
| 650 24 - SUBJECT ADDED ENTRY--TOPICAL TERM | |
| Topical term or geographic name entry element | BS 5973: 1993 |
| 690 ## - LOCAL SUBJECT ADDED ENTRY--TOPICAL TERM (OCLC, RLIN) | |
| Topical term or geographic name as entry element | Health and safety |
| 9 (RLIN) | 6244 |
| 942 ## - ADDED ENTRY ELEMENTS (KOHA) | |
| Suppress in OPAC | 0 |
| Withdrawn status | Lost status | Source of classification or shelving scheme | Damaged status | Not for loan | Home library | Current library | Shelving location | Date acquired | Total Checkouts | Full call number | Barcode | Date last seen | Copy number | Price effective from | Koha item type |
|---|---|---|---|---|---|---|---|---|---|---|---|---|---|---|---|
| Dewey Decimal Classification | London | London | Journal article | 08/05/2006 | L133429 | 133429-1001 | 06/08/2019 | 1 | 06/08/2019 | Journal article |